| 000 | 00582nam a2200205Ii 4500 | ||
|---|---|---|---|
| 001 | 4916 | ||
| 003 | CO-ViMGA | ||
| 008 | 241108s9999||||xx |||||||||||||| ||und|| | ||
| 040 |
_aCO-ViMGA _bspa _erda _cCO-ViMGA |
||
| 041 | 0 | _aunk | |
| 082 | 0 | 4 | _a655-W454 |
| 100 | 1 |
_aO Weise _956432 |
|
| 245 | 1 | 0 | _a<La> escritura y el libro |
| 264 | 1 | _a[Lugar de publicación no identificado] : Labor, 1951 | |
| 300 | _avolumen | ||
| 336 |
_atext _btxt _2rdacontent |
||
| 337 |
_aunmediated _bn _2rdamedia |
||
| 338 |
_avolume _bnc _2rdacarrier |
||
| 940 | _aidficha_siabuc: 4789. -- ficha_no_siabuc:4916 | ||
| 999 |
_c54391 _d54391 |
||